000 00415nam a2200145Ia 4500
008 231129s1984||||xx |||||||||||||| ||spa||
020 _a958-95001-2-7
040 _bspa
082 _a070.92 B352p
100 _aBautista Darí­o
245 0 _aEl personaje y los hechos; Testimonio de un reportero
260 _c1984
264 _aFondo Cultural Cafetero
942 _2ddc
_cBKS
999 _c12064
_d12064